000 00564nam a2200217Ia 4500
005 20250923144349.0
008 008 250917s9999 xx 000 0 eng d
037 _aTextual
040 _aDSWL
_beng
_cDSWL
041 _aeng
_2eng
084 _aMY:y1, H9
_qDSWL
100 _aNeumeyer, Martin
_9824128
245 0 _aLeisuve and rereation
_cby Martin Neumeyer
260 _aNew York
_c1949
300 _a411 p.
365 _aUSD
_b4.5
700 _aS Esther
_9824129
925 _g4.5
942 _cTEXL
_hMY:y1, H9
999 _c1437939
_d1437939